Trouver l'artiste qui a interprété la musique - Statistiques

Statistiques générales
  • Ce quiz a été pris 98 fois
  • Le résultat moyen est 10 sur 15
Statistiques - réponses
Musique Chanteur % Correct
Pour que tu m'aimes encore Céline Dion
93%
Envole-moi Jean-Jacques Goldman
89%
Hier encore Charles Aznavour
82%
Je ne suis pas un héros Daniel Balavoine
82%
On va s'aimer Gilbert Montagné
81%
Petite Marie Francis Cabrel
74%
Couleur menthe à l'eau Eddy Mitchell
69%
Requiem pour un fou Johnny Hallyday
69%
Je t'aime Lara Fabian
66%
Le paradis blanc Michel Berger
66%
Pour un flirt Michel Delpech
59%
Les mots bleus Christophe
57%
La déclaration d'amour France Gall
46%
Elle est d'ailleurs Pierre Bachelet
43%
Love in Portofino Dalida
34%
Aucun quiz correspondant
Distribution des résultats
% des personnes avec chaque résultat
Percentile par nombre de réponses
Votre historique - résultats
Vous n’avez pas pris ce quiz